Curran's atlas of histopathology.-- 4th rev. ed. (Record no. 31195)

MARC details
000 -LEADER
fixed length control field 00794nam a2200217 a 4500
008 - FIXED-LENGTH DATA ELEMENTS--GENERAL INFORMATION
fixed length control field 110909s2000 ||||||||||||||||| || u
020 ## - INTERNATIONAL STANDARD BOOK NUMBER
International Standard Book Number 0192632205
050 ## - LIBRARY OF CONGRESS CALL NUMBER
Classification number RB 33 Cur
100 ## - MAIN ENTRY--PERSONAL NAME
Personal name Curran, R. C
245 10 - TITLE STATEMENT
Title Curran's atlas of histopathology.-- 4th rev. ed.
Statement of responsibility, etc. revised by R .C. Curran and J. Crocker
246 ## -
-- Atlas of histopathology
250 ## - EDITION STATEMENT
Edition statement 4th rev. ed.
260 ## - PUBLICATION, DISTRIBUTION, ETC.
Place of publication, distribution, etc. London
Name of publisher, distributor, etc. Harvey Miller
Date of publication, distribution, etc. 2000
300 ## - PHYSICAL DESCRIPTION
Extent 288p.: ill.
350 ## -
-- 0.00
650 #0 - SUBJECT ADDED ENTRY--TOPICAL TERM
Topical term or geographic name entry element PATHOLOGY--ATLASES
650 #0 - SUBJECT ADDED ENTRY--TOPICAL TERM
Topical term or geographic name entry element PATHOLOGY
650 ## - SUBJECT ADDED ENTRY--TOPICAL TERM
Topical term or geographic name entry element HISTOLOGY, PATHOLOGICAL--ATLASES
700 ## - ADDED ENTRY--PERSONAL NAME
Personal name Crocker, J
995 ## -
-- MICHAEL CHILUFYA SATA OPEN ACCESS
-- 0.00
-- 900459
-- CBU-SCHOOL OF MEDICINE LIBRARY (Ndola)
-- 1
-- 0.00
-- RB 33 CUR
-- 1
-- AVAILABLE
-- Nov 16, 2011
-- 900459
-- Medical Library Open Access Collection
999 ## -
-- 31195
-- 31195
Holdings
Withdrawn status Lost status Source of classification or shelving scheme Damaged status Not for loan Permanent Location Current Location Shelving location Date acquired Total Checkouts Full call number Barcode Date last seen Price effective from Koha item type
          CBU-SCHOOL OF MEDICINE LIBRARY, NDOLA. CBU-SCHOOL OF MEDICINE LIBRARY, NDOLA.   11/30/2022   RB 33 Cur 900459 11/30/2022 11/30/2022 MONOGRAPH